000 00188 a2200097 4500
020 _a9781558857476
041 _aspa
100 _aZepeda, Gwendolyn
245 _aPaso de nivel
942 _cBK
999 _c12673
_d12673